Statistiques concernant Anagrammes de marques

Cliquez ici pour prendre le quiz!

Statistiques générales

  • Ce quiz a été pris 65 fois
  • Le résultat moyen est 12 sur 53

Statistiques - réponses

AnagrammeMarque% Correct
PipesPepsi
80%
GogoleGoogle
77%
GinING
73%
VaisAvis / Visa
68%
FaitFiat
68%
OrdiDior
67%
PeloOpel
63%
Vaine ou NaïveNivea / Evian
62%
ChenalChanel
53%
DadaisAdidas
52%
OrganeOrange
52%
DrapaPrada
47%
PalpeApple
37%
DécrèmesMercedes
37%
RaceAcer
35%
CostaleLacoste
35%
PesonEpson
28%
GrainerGarnier
28%
BraillaBarilla
27%
ProchesPorsche
27%
Naturel / LaurentRenault
23%
SciasAsics
18%
RectionCitroen
13%
RacoonCorona
13%
CalmeCamel
12%
LesentNestlé
12%
ContaiAction
10%
HaterHerta
10%
VilesLevis
10%
DégluaisDesigual
8%
TripesEsprit / Sprite
8%
RecordâtCarte d'Or
7%
ElidesDiesel
7%
RetamaisMaserati
7%
PiquerasPasquier
7%
BroumUmbro
7%
BonnetteBenetton
5%
PontilLipton
5%
LevéesElsève
3%
LabiumMalibu
3%
CaponnaisPanasonic
3%
EndettaDanette
2%
InondentNintendo
2%
CaroleOracle
2%
NiveleurUnilever
2%
EnduraiAndrieu
0%
ParoleAperol
0%
PlairaiAprilia
0%
RalingueGuerlain
0%
RénitentInternet
0%
RevoisIsover
0%
GlanderLegrand
0%
DéprisentPrédident
0%

Distribution des résultats

Percentile par nombre de réponses

% des personnes avec chaque résultat

Votre développement - résultats

Vous n’avez pas pris ce quiz